000
00342 a2200157 4500
001
164477
020
_a
040
_c
Magnum
100
_a
Carr, Stella
240
1
0
_a
O fantastico homem do metro
_l
por
245
1
0
_a
O fantastico homem do metro
362
0
_a
1899
440
1
_a
Moderna
697
_a
J/SOCIEDADE, COTIDIANO
942
_c
BK
999
_c
164477
_d
164477